| 000 | nam a22 7a 4500 | ||
|---|---|---|---|
| 999 |
_c21704 _d21704 |
||
| 008 | 170123b xxu||||| |||| 00| 0 eng d | ||
| 020 | _a9781565335233 | ||
| 050 |
_aRT 55 _b.P43 2011 |
||
| 100 | _aKnippa, Audrey | ||
| 245 |
_aPN pharmacology for nursing review module/ _cAudrey Knippa; |
||
| 260 |
_a[Sitwell, KS] : _bAssessment Technologies Institute _c2011 |
||
| 300 |
_axiv, 541 pages ; _bill.; _c22cm. |
||
| 521 | _aIncludes index. | ||
| 650 | _aNursing -- Examinations, questions, etc. | ||
| 650 | _apharmacology -- Examinations, questions, etc. | ||
| 650 | _aNurses -- Licenses -- United States -- Examinations -- Study guides. | ||
| 942 |
_2lcc _cBOOKS _hRT 55 .P43 2011 |
||